DOS Games - Statistics

General Stats
  • This quiz has been taken 23 times
  • The average score is 12 of 20
Answer Stats
Picture Answer % Correct
Doom
94%
Pacman
94%
Tetris
89%
Wolfenstein 3D
78%
Grand Theft Auto
72%
Battle Chess
67%
Duke Nukem 3D
67%
Lemmings
67%
Prince of Persia
67%
Command & Conquer: Red Alert
56%
Micro Machines
56%
Warcraft 2
56%
Commander Keen 4
50%
Transport Tycoon
50%
Worms
50%
The Incredible Machine
44%
Stunts
39%
Grand Prix 2
28%
Death Rally
22%
Chip's Challenge
11%
No matching quizzes found
Score Distribution
Percent of People with Each Score
Percentile by Number Answered
Your Score History
You have not taken this quiz